| 000 | 00382nam a2200145 4500 | ||
|---|---|---|---|
| 999 |
_c509376 _d509376 |
||
| 008 | 190507b ||||| |||| 00| 0 eng d | ||
| 100 |
_aKumar, Sandeep _95095 |
||
| 245 | _aThe process of centralisation and marginalisation through GST | ||
| 260 | _c2018 | ||
| 300 | _ap.87-96. | ||
| 650 |
_aGST _95096 |
||
| 773 | _aMan and Development | ||
| 906 | _aTaxation | ||
| 942 |
_2ddc _cAR |
||